Tutto sui Simpson - Quiz facile - Statistics

Statistiche generali
  • Questo quiz è stato fatto 259 volte
  • Il punteggio medio è 9 su 15
Statistiche sulle risposte
Suggerimento Risposta % Corretto
Figlia più piccola dei Simpson Maggie
96%
Bart si muove in __________ Skateboard
82%
Il migliore amico di Bart Milhouse
77%
Il colore del vestito di Marge Verde
74%
Dove va Homer dopo il lavoro Boe
72%
Cerca sempre di uccidere Bart Telespalla Bob
68%
Il nome di uno dei quattro bulli Secco / Patata / Spada / Nelson
66%
Vero cognome di Marge Bouvier
61%
In che guerra ha combattuto Skinner Vietnam
58%
Sorelle di Marge Patty e Selma
53%
Quante stagioni sono state mandate in onda in Italia? 33
51%
Il vero colore dei capelli di Bart Rosso
32%
Cosa ha colpito Maud Flanders? Maglietta
30%
L'uomo più ricco di Springfield Signor Burns
26%
Evergreen Terrace ___ dove abitano i Simpson 742
11%
Nessun quiz corrispondente trovato
Distribuzione punteggi
Percentuale di utenti per punteggio
Percentile per numero di risposta
I tuoi punteggi nel tempo
Non hai fatto questo quiz